zpět

Detail výsledku týmu

Spirit Bar - Žižkov, Praha

Datum a čas kvízu

30 Celkem bodů Celkový počet nahraných bodů na tomto kvízu bez doplňovacích otázek.
8. Pořadí na kvízu Konečné umístění týmu na tomto kvízu.

Zaznamenané odpovědi

# Otázka Odpověď Body Výsledky
1. Vláda minulý týden oznámila, ž... Marian Jurečka 1
2. Minulý týden navštívil Českou... Polska 1
3. Ve středu večer se konalo slav... David Stypka 1
4. Minulý týden konečně nabyl jas... Elon Musk, Twitter 1
5. Kolikátý mistrovský titul po s... třetí titul v řadě 1
6. Při závodech osmiveslic nesmí... kormidelníka 1
7. Aby byl kůň podle Mezinárodní... D 0
8. Sféra s 26 otvory, plocha 800... o florbale 0
9. Kterou hodnotu určuje číslo 88... B 0
10. Křížová cesta je řada kapliček... 14 zastavení 0